000 01084nam1a22002891i 4500
001 rc\3332958
005 20240726080910.0
021 _aRU
_b[69-95471]
035 _a(NLR Aleph) 007513857
090 _a7704080
_c7704080
100 _a20130115g1969 |||y0rusy50 ca
101 1 _arus
_ceng
102 _aRU
105 _a z |||||
200 1 _aТехника пайки
_e[В 2 ч.]
_fПер. с англ. Л.П. Пристенской
_gПод ред. К.В. Викман
_gМ-во электронной пром-сти СССР. Ч. 1-2
210 _aМосква
_cин-т "Электроника"
_d1969-
215 _d21
225 1 _aПереводы иностранной литературы
_iСерия "Электроника СВЧ"
_eПеревод
300 _aНа обороте тит. л.: Brazing manual
517 0 _aBrazing manual
606 _aПаяние
_2psbo
702 1 _aПристенская
_bЛ.П.
_4730
702 1 _aВикман
_bК.В.
_4340
801 0 _aRU
_bNLR
_gpsbo
801 1 _aRU
_bELAR
_2rusmarc
852 _aNLR
_jП10/3559
942 _cBOOK